| 000 | 00874cab a2200253 4500 | ||
|---|---|---|---|
| 001 | WB3506-17 | ||
| 008 | 090401t1999 xxu||||| |||| 00| 0 eng d | ||
| 035 | _a(Sirsi) u91236 | ||
| 041 | _aeng | ||
| 245 | _aListed building photos on the internet | ||
| 260 | _c1999 | ||
| 350 | _a0 | ||
| 490 |
_aArchitects` Journal _v5 (209) 4 February 1999, 18(1) |
||
| 520 | _aThe Royal Commission on the Historical Monuments of England (RCHME) is bidding for lottery money for a project called `Images of England`. This would put a photo of all 450,000 listed buildings in England on the internet. | ||
| 650 | _aDIGITISATION | ||
| 650 | _aINTERNET | ||
| 650 | _aLISTED BUILDINGS | ||
| 650 | _aLOTTERY FUNDING | ||
| 650 | _aPHOTOGRAPHS | ||
| 650 | _aROYAL COMMISSION ON THE HISTORICAL MONUMENTS OF ENGLAND | ||
| 690 | _aCONSERVATION | ||
| 942 | _n0 | ||
| 948 | _c11/02/1999 | ||
| 999 |
_c57891 _d57891 |
||